Pattern Recognition with Support Vector Machines First International Workshop, SVM 2002, Niagara Falls, Canada, August 10, 2002. Proceedings /

Bibliographic Details
Corporate Author: SpringerLink (Online service)
Other Authors: Lee, Seong-Whan (Editor, http://id.loc.gov/vocabulary/relators/edt), Verri, Alessandro (Editor, http://id.loc.gov/vocabulary/relators/edt)
Format: Electronic eBook
Language:English
Published: Berlin, Heidelberg : Springer Berlin Heidelberg : Imprint: Springer, 2002.
Edition:1st ed. 2002.
Series:Lecture Notes in Computer Science, 2388
Subjects:
Online Access:Full Text via HEAL-Link
LEADER 04981nam a2200601 4500
001 978-3-540-45665-0
003 DE-He213
005 20191220130600.0
007 cr nn 008mamaa
008 121227s2002 gw | s |||| 0|eng d
020 |a 9783540456650  |9 978-3-540-45665-0 
024 7 |a 10.1007/3-540-45665-1  |2 doi 
040 |d GrThAP 
050 4 |a Q337.5 
050 4 |a TK7882.P3 
072 7 |a UYQP  |2 bicssc 
072 7 |a COM016000  |2 bisacsh 
072 7 |a UYQP  |2 thema 
082 0 4 |a 006.4  |2 23 
245 1 0 |a Pattern Recognition with Support Vector Machines  |h [electronic resource] :  |b First International Workshop, SVM 2002, Niagara Falls, Canada, August 10, 2002. Proceedings /  |c edited by Seong-Whan Lee, Alessandro Verri. 
250 |a 1st ed. 2002. 
264 1 |a Berlin, Heidelberg :  |b Springer Berlin Heidelberg :  |b Imprint: Springer,  |c 2002. 
300 |a XII, 428 p.  |b online resource. 
336 |a text  |b txt  |2 rdacontent 
337 |a computer  |b c  |2 rdamedia 
338 |a online resource  |b cr  |2 rdacarrier 
347 |a text file  |b PDF  |2 rda 
490 1 |a Lecture Notes in Computer Science,  |x 0302-9743 ;  |v 2388 
505 0 |a Invited Papers -- Predicting Signal Peptides with Support Vector Machines -- Scaling Large Learning Problems with Hard Parallel Mixtures -- Computational Issues -- On the Generalization of Kernel Machines -- Kernel Whitening for One-Class Classification -- A Fast SVM Training Algorithm -- Support Vector Machines with Embedded Reject Option -- Object Recognition -- Image Kernels -- Combining Color and Shape Information for Appearance-Based Object Recognition Using Ultrametric Spin Glass-Markov Random Fields -- Maintenance Training of Electric Power Facilities Using Object Recognition by SVM -- Kerneltron: Support Vector 'Machine' in Silicon -- Pattern Recognition -- Advances in Component-Based Face Detection -- Support Vector Learning for Gender Classification Using Audio and Visual Cues: A Comparison -- Analysis of Nonstationary Time Series Using Support Vector Machines -- Recognition of Consonant-Vowel (CV) Units of Speech in a Broadcast News Corpus Using Support Vector Machines -- Applications -- Anomaly Detection Enhanced Classification in Computer Intrusion Detection -- Sparse Correlation Kernel Analysis and Evolutionary Algorithm-Based Modeling of the Sensory Activity within the Rat's Barrel Cortex -- Applications of Support Vector Machines for Pattern Recognition: A Survey -- Typhoon Analysis and Data Mining with Kernel Methods -- Poster Papers -- Support Vector Features and the Role of Dimensionality in Face Authentication -- Face Detection Based on Cost-Sensitive Support Vector Machines -- Real-Time Pedestrian Detection Using Support Vector Machines -- Forward Decoding Kernel Machines: A Hybrid HMM/SVM Approach to Sequence Recognition -- Color Texture-Based Object Detection: An Application to License Plate Localization -- Support Vector Machines in Relational Databases -- Multi-Class SVM Classifier Based on Pairwise Coupling -- Face Recognition Using Component-Based SVM Classification and Morphable Models -- A New Cache Replacement Algorithm in SMO -- Optimization of the SVM Kernels Using an Empirical Error Minimization Scheme -- Face Detection Based on Support Vector Machines -- Detecting Windows in City Scenes -- Support Vector Machine Ensemble with Bagging -- A Comparative Study of Polynomial Kernel SVM Applied to Appearance-Based Object Recognition. 
650 0 |a Pattern recognition. 
650 0 |a Optical data processing. 
650 0 |a Algorithms. 
650 0 |a Computers. 
650 0 |a Artificial intelligence. 
650 0 |a Statistics . 
650 1 4 |a Pattern Recognition.  |0 http://scigraph.springernature.com/things/product-market-codes/I2203X 
650 2 4 |a Image Processing and Computer Vision.  |0 http://scigraph.springernature.com/things/product-market-codes/I22021 
650 2 4 |a Algorithm Analysis and Problem Complexity.  |0 http://scigraph.springernature.com/things/product-market-codes/I16021 
650 2 4 |a Computation by Abstract Devices.  |0 http://scigraph.springernature.com/things/product-market-codes/I16013 
650 2 4 |a Artificial Intelligence.  |0 http://scigraph.springernature.com/things/product-market-codes/I21000 
650 2 4 |a Statistics and Computing/Statistics Programs.  |0 http://scigraph.springernature.com/things/product-market-codes/S12008 
700 1 |a Lee, Seong-Whan.  |e editor.  |4 edt  |4 http://id.loc.gov/vocabulary/relators/edt 
700 1 |a Verri, Alessandro.  |e editor.  |4 edt  |4 http://id.loc.gov/vocabulary/relators/edt 
710 2 |a SpringerLink (Online service) 
773 0 |t Springer eBooks 
776 0 8 |i Printed edition:  |z 9783662187920 
776 0 8 |i Printed edition:  |z 9783540440161 
830 0 |a Lecture Notes in Computer Science,  |x 0302-9743 ;  |v 2388 
856 4 0 |u https://doi.org/10.1007/3-540-45665-1  |z Full Text via HEAL-Link 
912 |a ZDB-2-SCS 
912 |a ZDB-2-LNC 
912 |a ZDB-2-BAE 
950 |a Computer Science (Springer-11645)